Read my mind : young children, poetry and learning

Αποθηκεύτηκε σε:
Λεπτομέρειες βιβλιογραφικής εγγραφής
Κύριος συγγραφέας: Sedgwick, Fred
Μορφή: Βιβλίο
Γλώσσα:English
Δημοσίευση: London : Routledge, 1997
Θέματα:
Ετικέτες: Προσθήκη ετικέτας
Δεν υπάρχουν, Καταχωρήστε ετικέτα πρώτοι!

MARC

LEADER 00000nam a2200000 i 4500
001 1/78710
008 990430s1997 eng d
020 |a 0-415-14343-8 
035 |l 10050215 
040 |a GR-MY-UA  |b gre  |e aacr 
041 0 |a eng 
082 0 |a 372.64 
100 1 |a Sedgwick, Fred. 
245 1 0 |a Read my mind :  |b young children, poetry and learning /  |c Fred Sedgwick 
260 |a London :   |b Routledge,   |c 1997 
300 |a 191 p. 
650 0 0 |a Poetry  |x Study and teaching (Elementary) 
650 0 0 |a Poetry  |x Study and teaching (Elementary)  |x Case studies. 
650 0 0 |a Poetry  |x Authorship  |x Study and teaching (Elementary) 
650 0 0 |a Reader-response criticism. 
650 0 0 |a Learning, Psychology of. 
852 |a INST  |b RHODES  |e 19990430  |h 372.64 SED  |p 005400015402  |q 005400015402  |t BK  |y 0 
901 |a BIBL-1999-1 
909 |a Ρ  |b 064846  |c 1999 
922 |a 4ΕΛΗ  |b 199903  |d LEADER